000 00914cam a22002653a 4500
001 6702
003 PGUSA
005 20140828083136.0
008 041001s2004||||xxu|||||s|||||000 | eng d
040 _aPGUSA
_beng
042 _adc
050 4 _aPS
100 1 _aStowe, Harriet Beecher,
_d1811-1896
245 1 0 _aLife of Harriet Beecher Stowe :
_bCompiled From Her Letters and Journals by Her Son Charles Edward Stowe
_h[electronic resource] /
_cHarriet Beecher Stowe
260 _bProject Gutenberg,
_c2004
506 _aPublic domain in the USA.
516 _aElectronic text
653 _aStowe, Harriet Beecher, 1811-1896
653 _aAuthors, American -- 19th century -- Biography
653 _aWomen abolitionists -- United States -- Biography
700 1 _aStowe, Charles Edward,
_d1850-1934
830 0 _aProject Gutenberg
_v6702
856 4 0 _uhttp://www.gutenberg.org/ebooks/6702
942 _cEB
999 _c236022
_d236022